The ultimate Modern Family Quiz 🎬 - Statistics

General Stats
  • This quiz has been taken 270 times
  • The average score is 10 of 30
Answer Stats
Hint Answer % Correct
Where is Gloria from? Colombia
98%
What's the name of Gloria and Jay's son? Joe
90%
As of 2015, how many "Modern Family" cast members have won acting Emmys? 3
85%
What's the name of Cam's clown alter ego? Fizbo
74%
What kind of company does Jay own? Closets
67%
In an early episode, Mitchell takes his first trip to this big-box store. What store is it? Costco
52%
Who chaperones the secret party that Haley throws at Jay and Gloria's house? Manny
52%
What was Cameron's college sport? Football
50%
What's Claire's favorite holiday? Halloween
49%
What was Phil's sport in college? Cheerleading
43%
What forces Mitchell and Cam's wedding from the venue they chose? Wildfire
40%
Where did Cameron grow up? Farm
31%
Where did Phil and Claire meet? College
30%
What's the name of the self-published book Phil gives Haley when she goes to college? Phil's-osophy
30%
The year Phil takes over Halloween, what costume does Jay reject in favor of Prince Charming? Shrek
25%
What do Phil and Claire offer Luke as a prize for staying away from electronics for a week? Chicken pot pie
23%
Cam partners with Gloria to start a business selling her family's ________? Hot sauce
21%
Where did Mitchell and Cameron meet? Party
21%
What was the name of Claire and Mitchell's childhood ice-skating duo? Fire and nice
16%
What is Mitchell wearing when he and Claire get trapped in the backyard of their childhood home? Sailor suit
14%
Where did Jay and Gloria meet? Diner
13%
On the family trip to Australia, this is one animal that does NOT attack Phil. Koala
11%
Which comedy legend has a recurring role as Frank Dunphy, Phil's dad? Fred Willard
9%
This is one spot where the entire family has NOT vacationed. New York
9%
This "Cheers" veteran appears from time to time as DeDe Pritchett, Claire and Mitchell's mom. Shelly Long
8%
Phil and Claire often role-play as this couple for Valentine's Day. Clive and Julianna Bixby
6%
Where do they end up getting married? Jay’s country club
6%
Who are the Dunphys' obnoxious next-door neighbors? Ronnie and Amber
4%
Claire is ecstatic when Phil's birthday coincides with this event. iPad release day
2%
What does Claire give Phil for their 20th anniversary? Chinese acrobat show
1%
No matching quizzes found
Score Distribution
Percent of People with Each Score
Percentile by Number Answered
Your Score History
You have not taken this quiz